Los recursos naturales renovables y el tratado de libre comercio /

Sparad:
Bibliografiska uppgifter
Huvudupphovsman: Gonzáles Pacheco, Cuauhtémoc
Materialtyp: Text
Ämnen:
Taggar: Lägg till en tagg
Inga taggar, Lägg till första taggen!

MARC

LEADER 00000 a a2200000 04500
001 42091
003
040
100 |a Gonzáles Pacheco, Cuauhtémoc  
245 |a Los recursos naturales renovables y el tratado de libre comercio /  |c Cuauhtémoc González Pacheco  
650 |a COMERCIO INTERNACIONAL  
650 |a RECURSOS NATURALES  
650 |a RECURSOS RENOVABLES  
650 |a MEXICO  
650 |a EXPLOTACION DE RECURSOS  
773 |g volumen22, número86 ( , 1991), páginas 19-22  
999 |c 32369  |d 32369